000 01950cam a22002174a 4500
005 20250605163950.0
008 250528s ||||||||||||||||||||||||d
035 _a15347
020 _a198774273
040 _aGR-AtMCL
_bgre
_dGR-AtMCL
_eAACR2
245 1 _aThe Individual,Work and Organization / Behavioural Studies for Business and Management
250 _a2nd
260 _bFincham Robin
_bOxford University Press,
_c1992
300 _a490
505 0 _aIntroduction, The Nature of Behavioural Studies, The Behavioural Science Disciplines, The Individual and Work, Learning, Stress, Individual Differences, Assessing Individual Differences, Motivation and Job Satisfaction, Groups and Work, Social Interaction, Group and Intergroup Behaviour, Leadership, Alternative Work Design, The Sociology of Work, The Control of Work, Conflict and the Employment Relationship, Divisions of Labour, Women and Employment, New Technology, New Systems of Work Organization, Organizations, Structure and Control in Organizations, Structure and Performance in Organizations, Organizational Culture, Power and Organizations, References, Author and Subject Index.
520 _aIntroduction, The Nature of Behavioural Studies, The Behavioural Science Disciplines, The Individual and Work, Learning, Stress, Individual Differences, Assessing Individual Differences, Motivation and Job Satisfaction, Groups and Work, Social Interaction, Group and Intergroup Behaviour, Leadership, Alternative Work Design, The Sociology of Work, The Control of Work, Conflict and the Employment Relationship, Divisions of Labour, Women and Employment, New Technology, New Systems of Work Organization, Organizations, Structure and Control in Organizations, Structure and Performance in Organizations, Organizational Culture, Power and Organizations, References, Author and Subject Index.
700 1 _aRhodes S. Peter
_91248
942 _cBK
999 _c936
_d936